Aporías: morir-esperarse, en, los -límites de la verdad

Uloženo v:
Podrobná bibliografie
Hlavní autor: Derrida, Jacques (Autor)
Médium: Kniha
Jazyk:španělština
Vydáno: Barcelona Paidós 1998
Vydání:1a. ed
Edice:Colección Paidós Studio, 122
Témata:
Tagy: Přidat tag
Žádné tagy, Buďte první, kdo vytvoří štítek k tomuto záznamu!

MARC

LEADER 00000nam a2200000 a 4500
001 UCP2696
003 CL-VaPUC
008 990528e19980000SP |||||||||||||||||spa|d
020 |a 844930539X 
082 0 4 |a 149  |b DER  |2 21 
100 0 |a Derrida, Jacques  |e author  |9 429648 
245 1 0 |a Aporías: morir-esperarse, en, los -límites de la verdad 
250 |a 1a. ed 
300 |a 130 p 
942 |c BK 
945 |d 19990528 00:00:00  |a rbrito 
260 |a Barcelona  |b Paidós  |c 1998 
650 7 |a DESCONSTRUCTIVISMO  |2 CL-VaPUC  |9 267373 
650 0 |a Filosofía del lenguaje  |9 257082 
583 |a last modification  |c 19990528 00:00:00  |k Rodrigo Vera 
490 0 |a Colección Paidós Studio, 122 
999 |c 281197  |d 281195 
952 |0 0  |1 0  |4 0  |6 149_000000000000000_DER_1998  |7 0  |8 A  |9 321875  |a BIBEDU  |b BIBEDU  |d 2019-11-20  |i 3518000  |o 149 DER 1998  |p 3518000  |r 2019-11-20  |w 2019-11-20  |y BK  |k FIL 
952 |0 0  |1 0  |4 0  |6 149_000000000000000_DER_1998  |7 0  |8 A  |9 321876  |a BIBARQ  |b BIBARQ  |d 2019-11-20  |i 3624986  |o 149 DER 1998  |p 3624986  |r 2025-01-20  |w 2019-11-20  |y BK  |k ARQ